Pesci - Morte Improvvisa - Statistics

Statistiche generali
  • Questo quiz è stato fatto 105 volte
  • Il punteggio medio è 9 su 17
Answers on the Grid
Answers color-coded by a green-red scale on the quiz's grid according to % correct below.
Tonno
Delfino
Pinguino Imperatore
Squalo Balena
Pesce Pagliaccio
Granchio Eremita
Calamaro Gigante
Murena
Medusa
Pastinaca
Nautilus
Manta
Tartaruga Verde
Gabbiano
Pesce Luna
Squalo Bianco
Balena Grigia
Aragosta
Acciuga
Stella Marina
Trota
Rana Pescatrice
Cavalluccio Marino
Salmone
Anguilla
Rana Toro
Squalo Toro
Salamandra Pezzata
Luccio
Foca Monaca
Pesce Palla
Storione
 
Statistiche sulle risposte
Risposta % Corretto
Tonno
98%
Pesce Pagliaccio
72%
Trota
62%
Acciuga
61%
Salmone
59%
Pesce Palla
57%
Storione
56%
Luccio
54%
Pesce Luna
49%
Rana Pescatrice
44%
Anguilla
43%
Murena
41%
Squalo Balena
39%
Squalo Bianco
38%
Squalo Toro
34%
Manta
31%
Pastinaca
26%
Nessun quiz corrispondente trovato
Distribuzione punteggi
Percentuale di utenti per punteggio
Percentile per numero di risposta
I tuoi punteggi nel tempo
Non hai fatto questo quiz